[Event "Superfest U1700"]
[Site "Sainte-Adele CAN"]
[Date "2012.08.18"]
[Round "4"]
[White "Laurin, Marcel"]
[Black "Johnson-Constantin, Mathieu"]
[Result "1-0"]
[WhiteElo "1568"]
[BlackElo "1394"]
[PlyCount "183"]
[GameId "2160767909445630"]
[EventDate "2012.08.15"]
[EventType "swiss"]
[EventRounds "5"]
[EventCountry "CAN"]

1. d4 Nf6 2. c4 g6 3. Nc3 Bg7 4. e4 d6 5. Be2 O-O 6. Be3 e5 7. d5 Nbd7 8. Qd2 a5 9. Bg5 Nc5 10. h4 Ncxe4 11. Nxe4 Nxe4 12. Qe3 f6 13. Bh6 Nc5 14. Bxg7 Kxg7 15. h5 g5 16. h6+ Kg8 17. Nf3 Bf5 18. Nd2 a4 19. g4 Bg6 20. f3 Qb8 21. Ne4 Nxe4 22. fxe4 Qa7 23. Rh3 Qxe3 24. Rxe3 Be8 25. Rc1 b6 26. Kd2 Kf7 27. Rf1 Kg6 28. Ref3 Bd7 29. R3f2 Rf7 30. Kc3 Raf8 31. Rh1 Ra8 32. a3 Ra5 33. Kb4 Rf8 34. Rh3 Rc5 35. Rh1 Kf7 36. Rhf1 Ke7 37. b3 axb3 38. Kxb3 b5 39. cxb5 Bxb5 40. Bxb5 Rxb5+ 41. Ka2 Ra5 42. Rc2 Ra7 43. Rfc1 Kd7 44. Rc4 Rg8 45. Rf1 Rg6 46. Rh1 Ra6 47. Rhc1 Ra7 48. Rh1 Rg8 49. Rf1 Rf8 50. Rfc1 Rfa8 51. R1c3 Rb7 52. Rc2 Rba7 53. R2c3 Ke7 54. Rf3 Kf7 55. Rfc3 Kg6 56. Rh3 Ra5 57. Rf3 Rc5 58. Rxc5 dxc5 59. Rc3 Kxh6 60. Rxc5 Kg6 61. a4 h5 62. gxh5+ Kxh5 63. Rc6 Kg6 64. Ka3 g4 65. a5 g3 66. Rc3 g2 67. Rg3+ Kf7 68. Rxg2 Ke7 69. Ka4 Kd6 70. Rc2 Kd7 71. a6 Ra7 72. Ka5 Kd8 73. Rc6 Ke7 74. Re6+ Kf7 75. Rc6 Ke7 76. Kb5 Kf7 77. d6 cxd6 78. Rxd6 Ke7 79. Rb6 Kd7 80. Rxf6 Ke7 81. Rb6 Kd7 82. Rh6 Kc8 83. Kb6 Rxa6+ 84. Kxa6 Kd7 85. Kb6 Ke7 86. Kc5 Kf7 87. Kd5 Ke7 88. Kxe5 Kd7 89. Rh7+ Kc6 90. Kf6 Kc5 91. e5 Kd4 92. e6 1-0

[Event "Superfest U1700"]
[Site "Sainte-Adele CAN"]
[Date "2012.08.18"]
[Round "4"]
[White "Ming, Wenyang"]
[Black "Wang, Kelly"]
[Result "0-1"]
[WhiteElo "1678"]
[BlackElo "1541"]
[PlyCount "136"]
[GameId "2160767909445631"]
[EventDate "2012.08.15"]
[EventType "swiss"]
[EventRounds "5"]
[EventCountry "CAN"]

1. e4 c5 2. c3 Nf6 3. e5 Nd5 4. d4 cxd4 5. cxd4 Nc6 6. Nf3 d6 7. Bc4 e6 8. O-O Be7 9. Re1 O-O 10. Nbd2 dxe5 11. dxe5 Nb6 12. Bb3 Qc7 13. Nf1 Rd8 14. Qc2 Nd7 15. Bf4 Nf8 16. Red1 Rxd1 17. Rxd1 Ng6 18. Bg3 Bd7 19. Ne3 Rc8 20. Qd2 Rd8 21. Nc4 Bb4 22. Qe3 Na5 23. Nxa5 Bxa5 24. Rc1 Qb6 25. Qxb6 Bxb6 26. Rd1 Bc6 27. Rxd8+ Bxd8 28. Bc2 Bxf3 29. Bxg6 hxg6 30. gxf3 Kf8 31. Kf1 Ke8 32. Ke2 Kd7 33. Kd3 Kc6 34. f4 Kd5 35. f3 b5 36. b4 Be7 37. a3 Bd8 38. Bf2 a6 39. Bc5 g5 40. Be3 gxf4 41. Bxf4 Bc7 42. Bc1 Bxe5 43. f4 Bc7 44. h3 Bd8 45. Bb2 g6 46. Bd4 Bh4 47. Bc3 Bg3 48. Bd2 e5 49. fxe5 Bxe5 50. Bc1 f5 51. h4 Bf6 52. a4 bxa4 53. Ba3 Bxh4 54. Bc1 Be7 55. Ba3 g5 56. Ke3 f4+ 57. Kf3 Kc4 58. b5 Bxa3 59. bxa6 Bc5 60. Kg4 a3 61. a7 Bxa7 62. Kxg5 a2 63. Kxf4 a1=Q 64. Kf5 Qe1 65. Kg6 Qe5 66. Kh7 Qg5 67. Kh8 Bd4+ 68. Kh7 Qg7# 0-1

[Event "Superfest U1700"]
[Site "Sainte-Adele CAN"]
[Date "2012.08.18"]
[Round "4"]
[White "Molloy, Francis"]
[Black "Gignac, Guy"]
[Result "0-1"]
[WhiteElo "1390"]
[BlackElo "1561"]
[PlyCount "142"]
[GameId "2160767909441536"]
[EventDate "2012.08.15"]
[EventType "swiss"]
[EventRounds "5"]
[EventCountry "CAN"]

1. e4 d6 2. d4 Nf6 3. Nc3 g6 4. Be2 Bg7 5. Be3 c6 6. h3 Qc7 7. Nf3 O-O 8. Qd2 b5 9. a3 Nbd7 10. O-O a6 11. Bh6 Bb7 12. Bxg7 Kxg7 13. Bd3 c5 14. dxc5 Nxc5 15. Rfe1 Rac8 16. e5 dxe5 17. Nxe5 Rfd8 18. Qe3 e6 19. Rad1 Nd5 20. Nxd5 Rxd5 21. Re2 Rcd8 22. Nf3 Qd6 23. Red2 Nxd3 24. Rxd3 f6 25. Rxd5 Bxd5 26. Qd3 Rd7 27. Nh2 Qc6 28. Ng4 h5 29. Ne3 Kf7 30. Nxd5 Rxd5 31. Qe2 Qd6 32. Rxd5 exd5 33. Qe3 Qc6 34. c3 Qe6 35. Qa7+ Ke8 36. Kf1 Qe4 37. Qe3 Qxe3 38. fxe3 Ke7 39. Ke2 Kd6 40. Kd3 Ke5 41. b3 h4 42. c4 dxc4+ 43. bxc4 bxc4+ 44. Kxc4 Ke4 45. Kc5 Kxe3 46. Kb6 Kf2 47. Kxa6 Kxg2 48. Kb6 f5 49. a4 f4 50. a5 f3 51. a6 f2 52. a7 f1=Q 53. a8=Q+ Kxh3 54. Qa3+ Kg2 55. Qa2+ Kg1 56. Qe6 Qf2+ 57. Kc7 Qg3+ 58. Kd8 h3 59. Qb6+ Kg2 60. Qb2+ Qf2 61. Qb7+ Kg3 62. Qc7+ Qf4 63. Qc3+ Kg4 64. Qc8+ Kh4 65. Qc3 h2 66. Qe1+ Kg5 67. Qa5+ Kh6 68. Qa1 Qd6+ 69. Ke8 Qc6+ 70. Kd8 Qd5+ 71. Kc8 h1=Q 0-1

[Event "Superfest U1700"]
[Site "Sainte-Adele CAN"]
[Date "2012.08.18"]
[Round "4"]
[White "Saine, Zachary"]
[Black "Bergeron, Jean-Guy"]
[Result "0-1"]
[WhiteElo "1546"]
[BlackElo "1446"]
[PlyCount "38"]
[GameId "2160767739780313"]
[EventDate "2012.08.15"]
[EventType "swiss"]
[EventRounds "5"]
[EventCountry "CAN"]

1. e4 Nc6 2. d4 e5 3. d5 Nce7 4. Nc3 Ng6 5. Nf3 Nf6 6. Be2 Bb4 7. Bg5 d6 8. O-O h6 9. Bxf6 gxf6 10. Re1 Nf4 11. Bf1 Rg8 12. Kh1 Bc5 13. Qd2 a6 14. a3 Bg4 15. Ng1 f5 16. g3 Ng6 17. h3 h5 18. hxg4 hxg4 19. Bd3 f4 {...} 0-1

[Event "Superfest U1700"]
[Site "Sainte-Adele CAN"]
[Date "2012.08.18"]
[Round "4"]
[White "Wang, Constance"]
[Black "Selmani, Sam"]
[Result "0-1"]
[WhiteElo "1442"]
[BlackElo "1461"]
[PlyCount "98"]
[GameId "2160767909441537"]
[EventDate "2012.08.15"]
[EventType "swiss"]
[EventRounds "5"]
[EventCountry "CAN"]

1. e4 c5 2. Nf3 d6 3. d4 cxd4 4. Nxd4 Nf6 5. Nc3 a6 6. Bc4 b5 7. Bd5 Nxd5 8. Nxd5 e6 9. Ne3 Bb7 10. f3 Nd7 11. O-O Rc8 12. Qe2 Nb6 13. Nb3 Be7 14. Rd1 Qc7 15. c3 O-O 16. Bd2 d5 17. exd5 Nxd5 18. Nxd5 Bxd5 19. Be3 Qe5 20. Qf2 Qc7 21. Rd2 h6 22. Rad1 b4 23. cxb4 Bxb4 24. Re2 Qb7 25. Rc2 Rxc2 26. Qxc2 Rc8 27. Qd3 Be7 28. Bd4 Kf8 29. Qh7 f6 30. Rd3 Bxb3 31. Rxb3 Qd7 32. Rd3 Rc1+ 33. Kf2 Qc6 34. Bc3 Bc5+ 35. Ke2 Rg1 36. Bxf6 Rxg2+ 37. Kd1 Rg1+ 38. Kd2 Bb4+ 39. Bc3 Rg2+ 40. Kc1 Bxc3 41. Rxc3 Rg1+ 42. Kc2 Qa4+ 43. Rb3 Qc4+ 44. Rc3 Rg2+ 45. Kb1 Rg1+ 46. Kc2 Qe2+ 47. Kb3 Qb5+ 48. Kc2 Rg2+ 49. Kd1 Qf1# 0-1

[Event "Superfest U1700"]
[Site "Sainte-Adele CAN"]
[Date "2012.08.19"]
[Round "5"]
[White "Bergeron, Jean-Guy"]
[Black "Laurin, Marcel"]
[Result "1-0"]
[WhiteElo "1446"]
[BlackElo "1568"]
[PlyCount "93"]
[GameId "2160767909441538"]
[EventDate "2012.08.15"]
[EventType "swiss"]
[EventRounds "5"]
[EventCountry "CAN"]

1. c4 g6 2. e4 Bg7 3. d4 d6 4. Nf3 Nd7 5. Be2 b6 6. Qa4 Bb7 7. Nc3 c6 8. O-O h6 9. Bf4 g5 10. Be3 a6 11. Rac1 e6 12. Rfd1 Ne7 13. d5 e5 14. dxc6 Bxc6 15. Qc2 Nc5 16. b4 Ne6 17. Nd5 Bxd5 18. cxd5 Nf4 19. Bf1 Rc8 20. Qa4+ Kf8 21. Bxa6 Ra8 22. Qb5 Rb8 23. Rc2 Bf6 24. Rdc1 Kg7 25. Rc7 Rg8 26. Rd7 Qf8 27. Kf1 g4 28. Ng1 Kh8 29. Rxd6 Qg7 30. g3 Nh3 31. Rxb6 Rxb6 32. Qxb6 Qg6 33. a4 Kg7 34. Re1 Ng5 35. Bxg5 hxg5 36. d6 Nc8 37. Qc5 Nxd6 38. Qxd6 Rd8 39. Qc5 Qh6 40. Qc7 Rd2 41. Bc4 Rxf2+ 42. Kxf2 Qxh2+ 43. Kf1 Qh5 44. Re2 Qg6 45. Bd5 Kf8 46. Qc8+ Ke7 47. Rc2 1-0

[Event "Superfest U1700"]
[Site "Sainte-Adele CAN"]
[Date "2012.08.19"]
[Round "5"]
[White "Breton, Jules"]
[Black "Wang, Constance"]
[Result "0-1"]
[WhiteElo "1409"]
[BlackElo "1442"]
[PlyCount "114"]
[GameId "2160767909441539"]
[EventDate "2012.08.15"]
[EventType "swiss"]
[EventRounds "5"]
[EventCountry "CAN"]

1. d4 d5 2. Nc3 Nf6 3. Bf4 Bf5 4. Nf3 e6 5. h3 Be7 6. e3 Bg6 7. Be2 Nc6 8. a3 O-O 9. O-O Ne4 10. Re1 Nd6 11. b4 a6 12. Na4 a5 13. b5 Na7 14. Rb1 c6 15. Nc3 cxb5 16. Bxd6 Bxd6 17. Nxb5 Nxb5 18. Rxb5 Qc7 19. Bd3 Bxd3 20. Qxd3 Rfc8 21. Rc1 Qc4 22. Rcb1 Qxd3 23. cxd3 Bxa3 24. g4 Be7 25. Rxb7 Kf8 26. Ne5 Ke8 27. R7b5 a4 28. e4 dxe4 29. dxe4 a3 30. Nd3 Rc3 31. Nb4 Bxb4 32. R5xb4 a2 33. Ra1 Rxh3 34. Rb2 Rha3 35. Kf1 Kd7 36. Ke1 Kd6 37. Kd2 e5 38. d5 R8a7 39. Rb6+ Kc7 40. Rb2 g6 41. Kc2 h5 42. gxh5 gxh5 43. Kd1 Ra8 44. Ke1 h4 45. Kf1 h3 46. Kg1 Kd6 47. Kh2 Kc5 48. Rb7 Kc4 49. d6 R3a7 50. Rc7+ Rxc7 51. dxc7 Kb3 52. Rc1 Rc8 53. Rc6 a1=Q 54. Rb6+ Kc4 55. Rc6+ Kb5 56. Rf6 Qf1 57. Kg3 Qg2+ 0-1

[Event "Superfest U1700"]
[Site "Sainte-Adele CAN"]
[Date "2012.08.19"]
[Round "5"]
[White "Gignac, Guy"]
[Black "Wang, Kelly"]
[Result "0-1"]
[WhiteElo "1561"]
[BlackElo "1541"]
[PlyCount "84"]
[GameId "2160767909441540"]
[EventDate "2012.08.15"]
[EventType "swiss"]
[EventRounds "5"]
[EventCountry "CAN"]

1. d4 d5 2. c4 e6 3. a3 a5 4. Nc3 Nf6 5. e3 Nbd7 6. Nf3 Be7 7. Bd3 dxc4 8. Bxc4 O-O 9. O-O c5 10. dxc5 Nxc5 11. Qc2 Bd7 12. Ne5 Qc7 13. Nxd7 Ng4 14. f4 Nxd7 15. Bd3 Ngf6 16. e4 Qb6+ 17. Kh1 Rac8 18. Rf3 e5 19. Be3 Qd8 20. h3 exf4 21. Bxf4 h6 22. Rd1 Qb6 23. Qd2 Nh5 24. Nd5 Qe6 25. Nxe7+ Qxe7 26. Bh2 Ne5 27. Rf5 Nxd3 28. Qxd3 Nf6 29. Bd6 Qxe4 30. Bxf8 Rc1 31. Qxe4 Rxd1+ 32. Kh2 Nxe4 33. Be7 Rd2 34. Rxa5 Rxb2 35. Ra8+ Kh7 36. Rd8 h5 37. Rd5 Kg6 38. h4 f6 39. Rd4 Kf5 40. Rb4 Rxb4 41. axb4 Kg4 42. Bf8 g6 0-1

[Event "Superfest U1700"]
[Site "Sainte-Adele CAN"]
[Date "2012.08.19"]
[Round "5"]
[White "Johnson-Constantin, Mathieu"]
[Black "Labrecque, Rejean"]
[Result "1/2-1/2"]
[WhiteElo "1394"]
[BlackElo "1688"]
[PlyCount "58"]
[GameId "2160767909441541"]
[EventDate "2012.08.15"]
[EventType "swiss"]
[EventRounds "5"]
[EventCountry "CAN"]

1. e4 e5 2. Nf3 Nc6 3. d4 exd4 4. Nxd4 Nxd4 5. Qxd4 c5 6. Qd1 d6 7. Nc3 Nf6 8. Bf4 a6 9. a4 Be7 10. Bc4 O-O 11. f3 Be6 12. Nd5 Nxd5 13. Bxd5 Bh4+ 14. g3 Bf6 15. Rb1 Bxd5 16. Qxd5 Qa5+ 17. c3 Rfd8 18. Qb3 b5 19. axb5 Qxb5 20. Qxb5 axb5 21. O-O d5 22. e5 Be7 23. Rfd1 Kf8 24. Ra1 Ra4 25. Rxa4 bxa4 26. Ra1 Ra8 27. b3 a3 28. Bc1 c4 29. bxc4 dxc4 1/2-1/2

[Event "Superfest U1700"]
[Site "Sainte-Adele CAN"]
[Date "2012.08.19"]
[Round "5"]
[White "Ming, Wenyang"]
[Black "Bonneville-Roussy, Didier"]
[Result "1-0"]
[WhiteElo "1678"]
[BlackElo "1336"]
[PlyCount "44"]
[GameId "2160767909441542"]
[EventDate "2012.08.15"]
[EventType "swiss"]
[EventRounds "5"]
[EventCountry "CAN"]

1. e4 d5 2. exd5 Qxd5 3. Nc3 Qd6 4. d4 Nf6 5. Nf3 c6 6. Bg5 Bg4 7. Be2 Nbd7 8. Bh4 e6 9. O-O Qc7 10. Bg3 Bd6 11. Ne5 Nxe5 12. dxe5 Bxe5 13. Bxe5 Qxe5 14. Bxg4 Rd8 15. Qe2 Qg5 16. Ne4 Nxe4 17. Qxe4 O-O 18. Rad1 Rd2 19. Rxd2 Qxd2 20. Rd1 Qa5 21. a3 Kh8 22. Qb4 Rd8 1-0

[Event "Superfest U1700"]
[Site "Sainte-Adele CAN"]
[Date "2012.08.19"]
[Round "5"]
[White "Molloy, Francis"]
[Black "Frangakis, Evan"]
[Result "0-1"]
[WhiteElo "1390"]
[BlackElo "1382"]
[PlyCount "72"]
[GameId "2160767909441543"]
[EventDate "2012.08.15"]
[EventType "swiss"]
[EventRounds "5"]
[EventCountry "CAN"]

1. e4 c6 2. d4 d5 3. exd5 cxd5 4. Nf3 Bg4 5. Be2 Nc6 6. c3 Qc7 7. O-O h6 8. Re1 e6 9. Be3 Bd6 10. h3 Bxf3 11. Bxf3 Nf6 12. Nd2 b5 13. a3 O-O 14. Be2 a6 15. Bd3 Na5 16. Qf3 Qe7 17. Bf4 Nc4 18. Bxc4 bxc4 19. Bxd6 Qxd6 20. b3 cxb3 21. Nxb3 Rfc8 22. Nc5 Nd7 23. Nxd7 Qxd7 24. Rab1 Rc4 25. Rb4 Rac8 26. Rxc4 Rxc4 27. Rb1 Qc7 28. Rb3 a5 29. Qd3 g6 30. Qd2 Kg7 31. g3 a4 32. Rb4 Rxc3 33. Rxa4 Rc1+ 34. Kg2 Qc3 35. Qe2 Re1 36. Qf3 Rg1+ 0-1

[Event "Superfest U1700"]
[Site "Sainte-Adele CAN"]
[Date "2012.08.19"]
[Round "5"]
[White "Selmani, Sam"]
[Black "Saha, Ananda"]
[Result "1/2-1/2"]
[WhiteElo "1461"]
[BlackElo "1549"]
[PlyCount "115"]
[GameId "2160767909441544"]
[EventDate "2012.08.15"]
[EventType "swiss"]
[EventRounds "5"]
[EventCountry "CAN"]

1. d4 d5 2. c4 e6 3. Nc3 Nf6 4. Nf3 Be7 5. e3 Nbd7 6. Bd3 dxc4 7. Bxc4 Nb6 8. Bb3 Bd7 9. e4 Bc6 10. Qe2 h6 11. a3 O-O 12. O-O Re8 13. Rd1 Bd7 14. Be3 Rc8 15. Rac1 c5 16. dxc5 Bxc5 17. Nd4 Bxd4 18. Bxd4 e5 19. Be3 Qe7 20. f3 Be6 21. Bxe6 Qxe6 22. Nb5 Rxc1 23. Rxc1 Qb3 24. Bxb6 axb6 25. Rc7 Rd8 26. Nc3 Rd7 27. Rxd7 Nxd7 28. Qb5 Qxb5 29. Nxb5 Nc5 30. Nd6 Kf8 31. Nc4 Nd7 32. Kf2 Ke7 33. a4 f6 34. Ke3 Ke6 35. h4 h5 36. b4 g5 37. hxg5 fxg5 38. Kd3 Ke7 39. a5 bxa5 40. Nxa5 b5 41. Nc6+ Kd6 42. Na7 g4 43. fxg4 hxg4 44. Nxb5+ Kc6 45. Nc3 Nb6 46. Ke3 Nd7 47. Nd5 Kb5 48. Kf2 Kc4 49. Ne3+ Kd4 50. Nxg4 Kxe4 51. Nxe5 Kxe5 52. Kf3 Nf6 53. b5 Kd6 54. Kf4 Kc5 55. Kg5 Ng8 56. g4 Kxb5 57. Kg6 Kc6 58. g5 1/2-1/2

[Event "Superfest U2000"]
[Site "Sainte-Adele CAN"]
[Date "2012.08.15"]
[Round "1"]
[White "Brule, Daniel"]
[Black "Johnson-Constantin, Mathieu"]
[Result "1-0"]
[WhiteElo "1513"]
[BlackElo "1394"]
[PlyCount "43"]
[GameId "2160767909441545"]
[EventDate "2012.08.15"]
[EventType "swiss"]
[EventRounds "5"]
[EventCountry "CAN"]
[SourceTitle "hb 2012"]

1. d4 Nf6 2. c4 g6 3. Nf3 Bg7 4. g3 O-O 5. Bg2 e6 6. O-O d5 7. Nc3 Nc6 8. Be3 dxc4 9. Qa4 Nd5 10. Qxc4 Nxe3 11. fxe3 Bh6 12. e4 Be3+ 13. Kh1 Bxd4 14. Rad1 e5 15. e3 Be6 16. Qa4 a6 17. exd4 b5 18. Qc2 exd4 19. Nd5 Bxd5 20. exd5 Nb4 21. Qb3 Nxd5 22. Nxd4 1-0

[Event "Superfest U2000"]
[Site "Sainte-Adele CAN"]
[Date "2012.08.15"]
[Round "1"]
[White "Girard, Sylvain"]
[Black "Giroux, Robert"]
[Result "0-1"]
[WhiteElo "1659"]
[BlackElo "1870"]
[PlyCount "92"]
[GameId "2160767909441546"]
[EventDate "2012.08.15"]
[EventType "swiss"]
[EventRounds "5"]
[EventCountry "CAN"]
[SourceTitle "hb 2012"]

1. Nf3 d6 2. e4 Nf6 3. Nc3 c5 4. d4 cxd4 5. Qxd4 Nc6 6. Bb5 Bd7 7. Bxc6 bxc6 8. O-O e5 9. Qd3 Rb8 10. h3 Be7 11. b3 h6 12. Ba3 c5 13. Nd2 O-O 14. Nc4 Be6 15. Ne3 Qa5 16. Bb2 Qb4 17. Ncd5 Nxd5 18. Nxd5 Bxd5 19. Qxd5 Qb7 20. Qc4 Qc6 21. a3 Qb5 22. Qc3 f5 23. f4 Bf6 24. Qd2 exf4 25. Bxf6 Rxf6 26. Qd5+ Kh8 27. exf5 Qe2 28. Rf2 Qe3 29. Rd1 Re8 30. Rd3 Qc1+ 31. Rd1 Re1+ 32. Rxe1 Qxe1+ 33. Rf1 Qe3+ 34. Kh1 Qe5 35. Qa8+ Kh7 36. Qxa7 Qxf5 37. Rc1 Qe4 38. Qa6 f3 39. Qf1 f2 40. a4 Qe3 41. Rd1 Re6 42. Kh2 Rf6 43. g3 Qf3 44. Rd3 Qe4 45. Rd2 Qe1 46. Qd3+ g6 0-1

[Event "Superfest U2000"]
[Site "Sainte-Adele CAN"]
[Date "2012.08.15"]
[Round "1"]
[White "Maheux, Pierre"]
[Black "Gedajlovic, Max"]
[Result "0-1"]
[WhiteElo "1894"]
[BlackElo "1823"]
[PlyCount "46"]
[GameId "2160767909441547"]
[EventDate "2012.08.15"]
[EventType "swiss"]
[EventRounds "5"]
[EventCountry "CAN"]
[SourceTitle "hb 2012"]

1. e4 c5 2. Nf3 d6 3. Nc3 Nf6 4. Bc4 Nc6 5. O-O Bg4 6. h3 Bxf3 7. Qxf3 Nd4 8. Qd1 a6 9. a4 e6 10. d3 Be7 11. Be3 Nc6 12. f4 d5 13. e5 Nd7 14. Bxd5 exd5 15. Nxd5 O-O 16. g4 Nb6 17. Nc3 Nd5 18. Bd2 Qd7 19. Ne4 f5 20. gxf5 Qxf5 21. Qg4 Qxg4+ 22. hxg4 Nd4 23. Rac1 Ne2+ 0-1

[Event "Superfest U2000"]
[Site "Sainte-Adele CAN"]
[Date "2012.08.15"]
[Round "1"]
[White "Plante, Marc-Eric"]
[Black "Marghetis, Aris"]
[Result "0-1"]
[WhiteElo "1704"]
[BlackElo "1923"]
[PlyCount "54"]
[GameId "2160767909441548"]
[EventDate "2012.08.15"]
[EventType "swiss"]
[EventRounds "5"]
[EventCountry "CAN"]
[SourceTitle "hb 2012"]

1. e4 Nf6 2. e5 Nd5 3. d4 d6 4. Nf3 g6 5. Be2 Bg7 6. O-O O-O 7. c4 Nb6 8. Nc3 Nc6 9. exd6 cxd6 10. Be3 Bf5 11. Rc1 Re8 12. c5 Nc8 13. Bb5 Bd7 14. d5 Nb8 15. Bxd7 Nxd7 16. c6 bxc6 17. dxc6 Ne5 18. Nxe5 Bxe5 19. Qf3 Nb6 20. Bh6 Rc8 21. b3 d5 22. Rfe1 Bg7 23. Bxg7 Kxg7 24. Qg4 Rxc6 25. Qd4+ Kg8 26. Nxd5 Rxc1 27. Nf6+ exf6 0-1

[Event "Superfest U2000"]
[Site "Sainte-Adele CAN"]
[Date "2012.08.15"]
[Round "1"]
[White "Touboul, Bertrand"]
[Black "Bluteau, Yvon"]
[Result "1-0"]
[WhiteElo "1725"]
[BlackElo "1862"]
[PlyCount "59"]
[GameId "2160767909441549"]
[EventDate "2012.08.15"]
[EventType "swiss"]
[EventRounds "5"]
[EventCountry "CAN"]
[SourceTitle "hb 2012"]

1. e4 c5 2. Nf3 Nf6 3. e5 Nd5 4. b3 g6 5. Bb2 Bg7 6. Nc3 Nxc3 7. Bxc3 O-O 8. Qe2 Nc6 9. O-O-O Nb4 10. Kb2 Nd5 11. h4 Nxc3 12. dxc3 d5 13. h5 Bg4 14. hxg6 fxg6 15. Qe3 e6 16. Be2 Bxf3 17. gxf3 Qc7 18. f4 Qf7 19. Rh4 Rac8 20. Rdh1 d4 21. cxd4 cxd4 22. Qxd4 Qc7 23. Bc4 Qc6 24. Rxh7 b5 25. Bd3 Rfd8 26. Qe3 Qc3+ 27. Kb1 Rc7 28. Qh3 Qc6 29. Rh8+ Kf7 30. Bxg6+ 1-0

[Event "Superfest U2000"]
[Site "Sainte-Adele CAN"]
[Date "2012.08.15"]
[Round "1"]
[White "Villeneuve, Robert"]
[Black "Duplessis, Jean-Roch"]
[Result "0-1"]
[WhiteElo "1886"]
[BlackElo "1676"]
[PlyCount "50"]
[GameId "2160767909441550"]
[EventDate "2012.08.15"]
[EventType "swiss"]
[EventRounds "5"]
[EventCountry "CAN"]
[SourceTitle "hb 2012"]

1. e4 c5 2. Nf3 Nc6 3. d4 cxd4 4. Nxd4 e5 5. Nb5 a6 6. Nd6+ Bxd6 7. Qxd6 Qf6 8. Qxf6 Nxf6 9. Nc3 h6 10. Be3 d6 11. O-O-O Ke7 12. Bc4 Be6 13. Bxe6 fxe6 14. Rd2 Rhd8 15. Bb6 Rd7 16. Rhd1 Na7 17. f3 Nb5 18. Na4 Rc8 19. Rd3 Rc4 20. b3 Rc6 21. Kb2 Nc7 22. c4 Na8 23. c5 d5 24. exd5 Rxd5 25. Bd8+ Kxd8 0-1

[Event "Toronto"]
[Site "Toronto CAN"]
[Date "2012.03.26"]
[Round "1"]
[White "Barron, Michael"]
[Black "Plotkin, Victor"]
[Result "0-1"]
[WhiteElo "2266"]
[BlackElo "2399"]
[PlyCount "90"]
[GameId "2160767909509971"]
[EventDate "2012.03.26"]
[EventType "tourn"]
[EventRounds "9"]
[EventCountry "CAN"]
[SourceTitle "EXT 2022"]
[Source "ChessBase"]
[SourceDate "2021.10.06"]
[SourceVersion "1"]
[SourceVersionDate "2021.10.06"]
[SourceQuality "1"]

1. e4 e5 2. Nf3 Nf6 3. Nxe5 d6 4. Nf3 Nxe4 5. Nc3 Nxc3 6. dxc3 Be7 7. Be3 Nc6 8. Qd2 Be6 9. O-O-O O-O 10. h4 Ne5 11. Ng5 Qd7 12. b3 Bf5 13. f3 Qc6 14. Bd4 f6 15. Bxe5 fxg5 16. Bc4+ Kh8 17. Bd4 gxh4 18. Kb2 Qd7 19. Bf2 b5 20. Bd3 Bxd3 21. Qxd3 Qf5 22. Bxh4 Qxd3 23. Rxd3 Rfe8 24. Rd5 a6 25. Rh5 Bf8 26. g4 Kg8 27. Bf2 Re2 28. R1h2 h6 29. f4 g6 30. R5h3 Rae8 31. g5 h5 32. f5 gxf5 33. Rxh5 Bg7 34. g6 b4 35. Bd4 Rxh2 36. Rxh2 Bxd4 37. cxd4 Kg7 38. Rh7+ Kxg6 39. Rxc7 f4 40. Rc6 Re6 41. Rc8 f3 42. Rg8+ Kf5 43. Rg1 f2 44. Rf1 Re2 45. a3 a5 0-1

[Event "Toronto"]
[Site "Toronto CAN"]
[Date "2012.03.26"]
[Round "1"]
[White "Birarov, Vladimir"]
[Black "Renteria, Rolando"]
[Result "1-0"]
[WhiteElo "2261"]
[BlackElo "2267"]
[PlyCount "55"]
[GameId "2160767909509972"]
[EventDate "2012.03.26"]
[EventType "tourn"]
[EventRounds "9"]
[EventCountry "CAN"]
[SourceTitle "EXT 2022"]
[Source "ChessBase"]
[SourceDate "2021.10.06"]
[SourceVersion "1"]
[SourceVersionDate "2021.10.06"]
[SourceQuality "1"]

1. d4 Nf6 2. c4 g6 3. Nc3 Bg7 4. e4 d6 5. f3 O-O 6. Be3 a6 7. Qd2 Nc6 8. Nge2 Rb8 9. O-O-O b5 10. Nd5 bxc4 11. Nxf6+ Bxf6 12. h4 Nb4 13. Nc3 c5 14. Bxc4 cxd4 15. Bxd4 Qc7 16. Bb3 Be6 17. Bxf6 Bxb3 18. axb3 Qa5 19. Kb1 exf6 20. Qxd6 Rfd8 21. Qxf6 Nd3 22. h5 Rxb3 23. Rxd3 Rdb8 24. Rd2 Ra3 25. h6 Ra1+ 26. Kc2 Rxb2+ 27. Kxb2 Qa3+ 28. Kc2 1-0

[Event "Toronto"]
[Site "Toronto CAN"]
[Date "2012.03.26"]
[Round "1"]
[White "Sapozhnikov, Roman"]
[Black "Humphreys, Michael"]
[Result "1/2-1/2"]
[WhiteElo "2528"]
[BlackElo "2330"]
[PlyCount "63"]
[GameId "2160767909509973"]
[EventDate "2012.03.26"]
[EventType "tourn"]
[EventRounds "9"]
[EventCountry "CAN"]
[SourceTitle "EXT 2022"]
[Source "ChessBase"]
[SourceDate "2021.10.06"]
[SourceVersion "1"]
[SourceVersionDate "2021.10.06"]
[SourceQuality "1"]

1. d4 Nf6 2. Nf3 b6 3. e3 Bb7 4. Bd3 c5 5. O-O g6 6. c4 Bg7 7. d5 b5 8. Nc3 bxc4 9. Bxc4 O-O 10. e4 d6 11. h3 Ba6 12. Bxa6 Nxa6 13. Bf4 Nd7 14. Qd2 Rb8 15. Bh6 Qa5 16. Bxg7 Kxg7 17. Rab1 Nc7 18. Qg5 f6 19. Qg3 Nb5 20. Nh4 Kh8 21. f4 Nd4 22. Qg4 Qc7 23. Nf3 f5 24. Qh4 Nf6 25. Ng5 fxe4 26. Ncxe4 Nf5 27. Qf2 Nxe4 28. Nxe4 Nd4 29. Kh2 Rb4 30. Nc3 Qd7 31. g4 e6 32. Qe3 1/2-1/2

[Event "Toronto"]
[Site "Toronto CAN"]
[Date "2012.03.26"]
[Round "1"]
[White "Song, Michael"]
[Black "Kleinman, Michael"]
[Result "1/2-1/2"]
[WhiteElo "2217"]
[BlackElo "2383"]
[PlyCount "91"]
[GameId "2160767909509974"]
[EventDate "2012.03.26"]
[EventType "tourn"]
[EventRounds "9"]
[EventCountry "CAN"]
[SourceTitle "EXT 2022"]
[Source "ChessBase"]
[SourceDate "2021.10.06"]
[SourceVersion "1"]
[SourceVersionDate "2021.10.06"]
[SourceQuality "1"]

1. d4 Nf6 2. c4 g6 3. Nc3 d5 4. Bf4 Bg7 5. e3 O-O 6. cxd5 Nxd5 7. Nxd5 Qxd5 8. Bxc7 Na6 9. Bxa6 bxa6 10. Nf3 Qb7 11. Bg3 Qxb2 12. O-O Bf5 13. Qb3 Qxb3 14. axb3 Rfc8 15. Rfc1 Bd3 16. Nd2 Bb5 17. Ne4 Bf8 18. h3 f6 19. b4 Kf7 20. Rc5 e5 21. Rxc8 Rxc8 22. dxe5 fxe5 23. Bxe5 Bxb4 24. Bd6 Rc4 25. Bxb4 Rxe4 26. Bc5 Rc4 27. Bxa7 Ke7 28. Bb6 Rc6 29. Ba5 Ke6 30. g4 h6 31. Kg2 Bc4 32. Kg3 Rd6 33. Bc7 Rd7 34. Bb6 Rd6 35. Bc5 Rc6 36. Bf8 h5 37. Ra5 hxg4 38. hxg4 Bb5 39. Ra1 Rc8 40. Bb4 Rc4 41. Be1 Ke5 42. Rd1 Rxg4+ 43. Kxg4 Be2+ 44. Kg5 Bxd1 45. Kxg6 Ke4 46. Kf6 1/2-1/2

[Event "Toronto"]
[Site "Toronto CAN"]
[Date "2012.03.26"]
[Round "1"]
[White "Southam, David"]
[Black "Samsonkin, Artiom"]
[Result "0-1"]
[WhiteElo "2222"]
[BlackElo "2568"]
[PlyCount "84"]
[GameId "2160767909509975"]
[EventDate "2012.03.26"]
[EventType "tourn"]
[EventRounds "9"]
[EventCountry "CAN"]
[SourceTitle "EXT 2022"]
[Source "ChessBase"]
[SourceDate "2021.10.06"]
[SourceVersion "1"]
[SourceVersionDate "2021.10.06"]
[SourceQuality "1"]

1. d4 Nf6 2. c4 e6 3. Nc3 Bb4 4. e3 O-O 5. Nge2 d5 6. a3 Bd6 7. c5 Be7 8. b4 a5 9. Rb1 axb4 10. axb4 b6 11. g3 bxc5 12. bxc5 Nc6 13. Bg2 Ba6 14. O-O e5 15. Re1 e4 16. f3 Bd3 17. Rb2 exf3 18. Bxf3 Bc4 19. Nf4 Ra1 20. Rb1 Ra8 21. Qc2 Qd7 22. Qg2 Rfd8 23. h4 h6 24. h5 Bf8 25. g4 Ne7 26. Bb2 Nh7 27. e4 Ng5 28. exd5 Nxf3+ 29. Qxf3 Nxd5 30. Ncxd5 Bxd5 31. Nxd5 Qxd5 32. Qxd5 Rxd5 33. Rf1 Be7 34. Rf5 Rdd8 35. Rc1 Bf6 36. Rd1 Ra4 37. Rf4 Re8 38. Kf1 Re3 39. Bc1 Rc3 40. Ke2 Bg5 41. Rff1 Ra2+ 42. Bd2 Rcc2 0-1